000 00427nam a2200169Ia 4500
005 20250508150713.0
008 008 250505s9999 xx 000 0 eng d
037 _aTextual
040 _aFEDL
_beng
_cFEDL
041 _aeng
_2eng
084 _a616, SOR
_qFEDL
100 _aSorsby Arnold
_9757425
245 0 _aMedicine and mankind
300 _a116p.
942 _cTEXL
_h616, SOR
999 _c1325161
_d1325161